[Event "ODJM A 2024"]
[Site "Willingen GER"]
[Date "2024.05.25"]
[Round "9"]
[White "Klahold, Rona"]
[Black "Mörke, Niklas"]
[Result "1/2-1/2"]
[Termination "normal"]
[Board "30"]
[WhiteElo "1779"]
[BlackElo "1879"]
[WhiteClock "00:07:55"]
[BlackClock "00:19:31"]
[PlyCount "96"]
[WhiteFideId "16222970"]
[BlackFideId "12982350"]
[EventCountry "GER"]
[EventRounds "9"]
[EventType "swiss"]
[EventDate "2024.05.18"]

1. g4 {[%clk 01:30:59]} d5 {[%clk 01:29:56]} {[%emt 00:01:05]} 2. Bg2 {[%clk
01:31:19]} {[%emt 00:00:10]} e5 {[%clk 01:28:38]} {[%emt 00:01:47]} 3. d4
{[%clk 01:29:42]} {[%emt 00:02:07]} e4 {[%clk 01:27:47]} {[%emt 00:01:22]} 4.
h3 {[%clk 01:29:29]} {[%emt 00:00:43]} c5 {[%clk 01:26:12]} {[%emt 00:02:04]}
5. dxc5 {[%clk 01:23:18]} {[%emt 00:06:42]} Bxc5 {[%clk 01:25:44]} {[%emt
00:00:58]} 6. c4 {[%clk 01:16:47]} {[%emt 00:07:01]} Qa5+ {[%clk 01:17:34]}
{[%emt 00:08:40]} 7. Nc3 {[%clk 01:09:01]} {[%emt 00:08:16]} d4 {[%clk
01:15:47]} {[%emt 00:02:16]} 8. Qa4+ {[%clk 01:09:21]} {[%emt 00:00:10]} Qxa4
{[%clk 01:15:05]} {[%emt 00:01:13]} 9. Nxa4 {[%clk 01:09:49]} {[%emt 00:00:02]}
Bb4+ {[%clk 01:14:48]} {[%emt 00:00:47]} 10. Bd2 {[%clk 01:08:20]} {[%emt
00:01:58]} Bxd2+ {[%clk 01:15:10]} {[%emt 00:00:09]} 11. Kxd2 {[%clk 01:08:48]}
{[%emt 00:00:02]} f5 {[%clk 01:14:30]} {[%emt 00:01:10]} 12. gxf5 {[%clk
01:06:20]} {[%emt 00:02:58]} Bxf5 {[%clk 01:13:47]} {[%emt 00:01:14]} 13. Nc5
{[%clk 01:05:59]} {[%emt 00:00:50]} Nf6 {[%clk 01:13:33]} {[%emt 00:00:43]} 14.
Nxb7 {[%clk 01:00:28]} {[%emt 00:06:02]} O-O {[%clk 01:13:52]} {[%emt
00:00:12]} 15. Nd6 {[%clk 01:00:05]} {[%emt 00:00:52]} Bg6 {[%clk 01:14:06]}
{[%emt 00:00:15]} 16. e3 {[%clk 00:44:31]} {[%emt 00:16:04]} Nc6 {[%clk
01:09:55]} {[%emt 00:04:42]} 17. Nb5 {[%clk 00:34:30]} {[%emt 00:10:31]} d3
{[%clk 01:08:19]} {[%emt 00:02:05]} 18. f3 {[%clk 00:31:40]} {[%emt 00:03:20]}
Nh5 {[%clk 01:03:13]} {[%emt 00:05:36]} 19. f4 {[%clk 00:26:05]} {[%emt
00:06:05]} a6 {[%clk 00:58:53]} {[%emt 00:04:51]} 20. Nc3 {[%clk 00:25:36]}
{[%emt 00:00:58]} Rae8 {[%clk 00:51:11]} {[%emt 00:08:12]} 21. h4 {[%clk
00:24:06]} {[%emt 00:02:00]} Nxf4 {[%clk 00:49:21]} {[%emt 00:02:20]} 22. exf4
{[%clk 00:20:24]} {[%emt 00:04:12]} e3+ {[%clk 00:47:11]} {[%emt 00:02:40]} 23.
Ke1 {[%clk 00:19:23]} {[%emt 00:01:30]} Nd4 {[%clk 00:46:23]} {[%emt 00:01:19]}
24. Bd5+ {[%clk 00:18:18]} {[%emt 00:01:36]} Kh8 {[%clk 00:46:40]} {[%emt
00:00:13]} 25. h5 {[%clk 00:15:49]} {[%emt 00:03:00]} Nc2+ {[%clk 00:40:59]}
{[%emt 00:06:10]} 26. Kd1 {[%clk 00:13:31]} {[%emt 00:02:48]} Rxf4 {[%clk
00:40:28]} {[%emt 00:01:01]} 27. Nf3 {[%clk 00:13:45]} {[%emt 00:00:16]} Bf5
{[%clk 00:38:30]} {[%emt 00:02:28]} 28. Rc1 {[%clk 00:12:28]} {[%emt 00:01:47]}
Bg4 {[%clk 00:36:56]} {[%emt 00:02:04]} 29. Rxc2 {[%clk 00:12:19]} {[%emt
00:00:40]} dxc2+ {[%clk 00:36:32]} {[%emt 00:00:53]} 30. Ke2 {[%clk 00:11:04]}
{[%emt 00:01:45]} Ref8 {[%clk 00:36:10]} {[%emt 00:00:52]} 31. Rc1 {[%clk
00:10:23]} {[%emt 00:01:10]} Bxh5 {[%clk 00:33:33]} {[%emt 00:03:07]} 32. Rxc2
{[%clk 00:09:01]} {[%emt 00:01:53]} Bxf3+ {[%clk 00:33:16]} {[%emt 00:00:47]}
33. Kxe3 {[%clk 00:09:12]} {[%emt 00:00:19]} Bxd5 {[%clk 00:32:48]} {[%emt
00:00:57]} 34. Nxd5 {[%clk 00:09:30]} {[%emt 00:00:13]} Rf3+ {[%clk 00:32:43]}
{[%emt 00:00:35]} 35. Ke4 {[%clk 00:09:08]} {[%emt 00:00:52]} Rf2 {[%clk
00:32:37]} {[%emt 00:00:36]} 36. Rc3 {[%clk 00:08:58]} {[%emt 00:00:40]} Rxb2
{[%clk 00:31:05]} {[%emt 00:02:02]} 37. c5 {[%clk 00:09:21]} {[%emt 00:00:06]}
Rxa2 {[%clk 00:29:20]} {[%emt 00:02:15]} 38. c6 {[%clk 00:09:44]} {[%emt
00:00:08]} h5 {[%clk 00:28:41]} {[%emt 00:01:09]} 39. c7 {[%clk 00:10:05]}
{[%emt 00:00:08]} Rc8 {[%clk 00:26:55]} {[%emt 00:02:16]} 40. Nb6 {[%clk
00:10:19]} {[%emt 00:00:17]} Rxc7 {[%clk 00:24:04]} {[%emt 00:03:21]} 41. Rxc7
{[%clk 00:10:13]} {[%emt 00:00:36]} Kh7 {[%clk 00:24:22]} {[%emt 00:00:11]} 42.
Nd5 {[%clk 00:09:35]} {[%emt 00:01:09]} a5 {[%clk 00:19:45]} {[%emt 00:05:08]}
43. Nf6+ {[%clk 00:09:12]} {[%emt 00:00:52]} Kg6 {[%clk 00:20:08]} {[%emt
00:00:07]} 44. Nxh5 {[%clk 00:08:47]} {[%emt 00:00:56]} Kxh5 {[%clk 00:20:02]}
{[%emt 00:00:37]} 45. Rxg7 {[%clk 00:07:54]} {[%emt 00:01:22]} Ra4+ {[%clk
00:19:41]} {[%emt 00:00:51]} 46. Kd3 {[%clk 00:08:00]} {[%emt 00:00:24]} Rf4
{[%clk 00:19:31]} {[%emt 00:00:40]} 47. Kc3 {[%clk 00:07:43]} {[%emt 00:00:47]}
Kh6 {[%clk 00:19:31]} {[%emt 00:00:30]} 48. Rg8 {[%clk 00:07:55]} {[%emt
00:00:18]} Kh7 {[%emt 00:00:27]} 1/2-1/2

[Event "ODJM A 2024"]
[Site "Willingen GER"]
[Date "2024.05.25"]
[Round "9"]
[White "Wendt, Felix"]
[Black "Stiehler, Daniel"]
[Result "0-1"]
[Termination "normal"]
[Board "31"]
[WhiteElo "1766"]
[BlackElo "1923"]
[WhiteClock "00:49:24"]
[BlackClock "00:50:27"]
[PlyCount "42"]
[WhiteFideId "34663592"]
[BlackFideId "34604863"]
[EventCountry "GER"]
[EventRounds "9"]
[EventType "swiss"]
[EventDate "2024.05.18"]

1. e4 {[%clk 01:30:57]} {[%emt 00:00:02]} Nf6 {[%clk 01:30:54]} {[%emt
00:00:07]} 2. e5 {[%clk 01:31:23]} {[%emt 00:00:03]} Nd5 {[%clk 01:31:21]}
{[%emt 00:00:04]} 3. d4 {[%clk 01:31:48]} {[%emt 00:00:05]} d6 {[%clk
01:31:47]} {[%emt 00:00:04]} 4. c4 {[%clk 01:32:14]} {[%emt 00:00:03]} Nb6
{[%clk 01:32:14]} {[%emt 00:00:03]} 5. exd6 {[%clk 01:32:40]} {[%emt 00:00:04]}
cxd6 {[%clk 01:32:39]} {[%emt 00:00:05]} 6. Nf3 {[%clk 01:32:54]} {[%emt
00:00:14]} g6 {[%clk 01:33:02]} {[%emt 00:00:07]} 7. h3 {[%clk 01:33:21]}
{[%emt 00:00:04]} Bg7 {[%clk 01:33:27]} {[%emt 00:00:05]} 8. Be2 {[%clk
01:33:48]} {[%emt 00:00:03]} Bf5 {[%clk 01:33:06]} {[%emt 00:00:51]} 9. Nc3
{[%clk 01:34:05]} {[%emt 00:00:15]} Nc6 {[%clk 01:33:01]} {[%emt 00:00:34]} 10.
O-O {[%clk 01:34:29]} {[%emt 00:00:05]} O-O {[%clk 01:33:24]} {[%emt 00:00:08]}
11. d5 {[%clk 01:34:51]} {[%emt 00:00:08]} Na5 {[%clk 01:28:45]} {[%emt
00:05:08]} 12. Nd4 {[%clk 01:35:15]} {[%emt 00:00:07]} Qc8 {[%clk 01:26:55]}
{[%emt 00:02:20]} 13. Re1 {[%clk 01:20:45]} {[%emt 00:14:59]} Re8 {[%clk
01:09:45]} {[%emt 00:17:40]} 14. Ncb5 {[%clk 01:12:02]} {[%emt 00:09:14]} Naxc4
{[%clk 01:05:39]} {[%emt 00:04:36]} 15. Nxf5 {[%clk 01:11:47]} {[%emt
00:00:45]} gxf5 {[%clk 01:05:51]} {[%emt 00:00:19]} 16. Rb1 {[%clk 01:01:33]}
{[%emt 00:10:43]} Qc5 {[%clk 01:02:19]} {[%emt 00:03:59]} 17. a4 {[%clk
00:59:23]} {[%emt 00:02:42]} a6 {[%clk 01:00:14]} {[%emt 00:02:36]} 18. b4
{[%clk 00:59:13]} {[%emt 00:00:39]} Qc8 {[%clk 00:58:03]} {[%emt 00:02:41]} 19.
Nd4 {[%clk 00:54:18]} {[%emt 00:05:25]} Nxd5 {[%clk 00:53:43]} {[%emt
00:04:51]} 20. Qd3 {[%clk 00:52:10]} {[%emt 00:02:37]} Ne5 {[%clk 00:52:09]}
{[%emt 00:02:04]} 21. Qxf5 {[%clk 00:49:24]} {[%emt 00:03:17]} Nc3 {[%clk
00:50:27]} {[%emt 00:02:13]} 0-1

[Event "ODJM A 2024"]
[Site "Willingen GER"]
[Date "2024.05.25"]
[Round "9"]
[White "Andrade, Ruben"]
[Black "Hoffmann, Alexander"]
[Result "1/2-1/2"]
[Termination "normal"]
[Board "32"]
[WhiteElo "1968"]
[BlackElo "1901"]
[WhiteClock "00:01:07"]
[BlackClock "00:14:00"]
[PlyCount "109"]
[WhiteFideId "16246829"]
[BlackFideId "16240219"]
[EventCountry "GER"]
[EventRounds "9"]
[EventType "swiss"]
[EventDate "2024.05.18"]

1. e4 {[%clk 01:30:57]} {[%emt 00:00:02]} c5 {[%clk 01:30:54]} {[%emt
00:00:07]} 2. c4 {[%clk 01:31:23]} {[%emt 00:00:04]} e6 {[%clk 01:30:17]}
{[%emt 00:01:06]} 3. Nc3 {[%clk 01:31:47]} {[%emt 00:00:07]} Nc6 {[%clk
01:29:22]} {[%emt 00:01:24]} 4. g3 {[%clk 01:32:11]} {[%emt 00:00:06]} Nf6
{[%clk 01:26:24]} {[%emt 00:03:28]} 5. Bg2 {[%clk 01:32:34]} {[%emt 00:00:06]}
Be7 {[%clk 01:25:27]} {[%emt 00:01:28]} 6. Nge2 {[%clk 01:32:56]} {[%emt
00:00:08]} O-O {[%clk 01:23:27]} {[%emt 00:02:31]} 7. O-O {[%clk 01:33:18]}
{[%emt 00:00:08]} a6 {[%clk 01:22:54]} {[%emt 00:01:04]} 8. d4 {[%clk
01:29:48]} {[%emt 00:03:59]} cxd4 {[%clk 01:21:15]} {[%emt 00:02:09]} 9. Nxd4
{[%clk 01:30:11]} {[%emt 00:00:06]} Qc7 {[%clk 01:19:28]} {[%emt 00:02:18]} 10.
b3 {[%clk 01:14:59]} {[%emt 00:15:42]} Re8 {[%clk 01:12:53]} {[%emt 00:07:05]}
11. h3 {[%clk 01:13:55]} {[%emt 00:01:35]} d6 {[%clk 01:01:59]} {[%emt
00:11:23]} 12. Be3 {[%clk 01:13:52]} {[%emt 00:00:32]} Nd7 {[%clk 00:59:06]}
{[%emt 00:03:24]} 13. a3 {[%clk 01:11:57]} {[%emt 00:02:25]} Bf6 {[%clk
00:56:52]} {[%emt 00:02:43]} 14. Nce2 {[%clk 01:08:27]} {[%emt 00:03:59]} Rb8
{[%clk 00:51:43]} {[%emt 00:05:40]} 15. Rc1 {[%clk 00:58:28]} {[%emt 00:10:29]}
Nxd4 {[%clk 00:45:38]} {[%emt 00:06:35]} 16. Nxd4 {[%clk 00:57:56]} {[%emt
00:01:01]} b6 {[%clk 00:45:06]} {[%emt 00:01:02]} 17. b4 {[%clk 00:54:49]}
{[%emt 00:03:36]} Bb7 {[%clk 00:42:27]} {[%emt 00:03:09]} 18. Qe2 {[%clk
00:52:54]} {[%emt 00:02:25]} Rec8 {[%clk 00:35:49]} {[%emt 00:07:09]} 19. Rc2
{[%clk 00:52:54]} {[%emt 00:00:30]} Qd8 {[%clk 00:34:25]} {[%emt 00:01:53]} 20.
Nb3 {[%clk 00:45:41]} {[%emt 00:07:45]} Bc6 {[%clk 00:32:24]} {[%emt 00:02:31]}
21. f4 {[%clk 00:34:09]} {[%emt 00:12:01]} Ba4 {[%clk 00:29:34]} {[%emt
00:03:20]} 22. Qd3 {[%clk 00:26:17]} {[%emt 00:08:22]} b5 {[%clk 00:25:26]}
{[%emt 00:04:39]} 23. Rfc1 {[%clk 00:25:02]} {[%emt 00:01:43]} bxc4 {[%clk
00:23:36]} {[%emt 00:02:21]} 24. Rxc4 {[%clk 00:22:55]} {[%emt 00:02:37]} Rxc4
{[%clk 00:23:26]} {[%emt 00:00:40]} 25. Qxc4 {[%clk 00:23:17]} {[%emt
00:00:08]} Bb2 {[%clk 00:21:41]} {[%emt 00:02:15]} 26. Rb1 {[%clk 00:14:07]}
{[%emt 00:09:39]} Bb5 {[%clk 00:19:19]} {[%emt 00:02:53]} 27. Qc2 {[%clk
00:14:14]} {[%emt 00:00:22]} Bf6 {[%clk 00:17:37]} {[%emt 00:02:13]} 28. Nd4
{[%clk 00:05:03]} {[%emt 00:09:40]} Rc8 {[%clk 00:17:15]} {[%emt 00:00:53]} 29.
Qd2 {[%clk 00:05:28]} {[%emt 00:00:05]} Nb6 {[%clk 00:15:35]} {[%emt 00:02:11]}
30. Nxb5 {[%clk 00:01:54]} {[%emt 00:04:03]} Nc4 {[%clk 00:15:53]} {[%emt
00:00:12]} 31. Qe2 {[%clk 00:01:51]} {[%emt 00:00:31]} axb5 {[%clk 00:16:13]}
{[%emt 00:00:13]} 32. Rd1 {[%clk 00:01:25]} {[%emt 00:00:54]} Bb2 {[%clk
00:11:12]} {[%emt 00:05:31]} 33. e5 {[%clk 00:00:47]} {[%emt 00:01:08]} d5
{[%clk 00:11:09]} {[%emt 00:00:34]} 34. Bc5 {[%clk 00:01:11]} {[%emt 00:00:05]}
Bxa3 {[%clk 00:11:07]} {[%emt 00:00:32]} 35. f5 {[%clk 00:01:32]} {[%emt
00:00:08]} Qg5 {[%clk 00:10:21]} {[%emt 00:01:16]} 36. g4 {[%clk 00:00:44]}
{[%emt 00:01:19]} Qf4 {[%clk 00:10:01]} {[%emt 00:00:51]} 37. Re1 {[%clk
00:00:37]} {[%emt 00:00:37]} Bb2 {[%clk 00:10:12]} {[%emt 00:00:19]} 38. fxe6
{[%clk 00:00:47]} {[%emt 00:00:20]} fxe6 {[%clk 00:10:21]} {[%emt 00:00:21]}
39. Rf1 {[%clk 00:01:01]} {[%emt 00:00:15]} Qxe5 {[%clk 00:09:13]} {[%emt
00:01:41]} 40. Qf2 {[%clk 00:01:13]} {[%emt 00:00:15]} Qf6 {[%clk 00:08:13]}
{[%emt 00:01:31]} 41. Qe2 {[%clk 00:24:57]} {[%emt 00:06:46]} Qg6 {[%clk
00:31:25]} {[%emt 00:07:19]} 42. h4 {[%clk 00:24:14]} {[%emt 00:01:12]} h6
{[%clk 00:28:01]} {[%emt 00:03:54]} 43. h5 {[%clk 00:23:21]} {[%emt 00:01:22]}
Qe8 {[%clk 00:27:50]} {[%emt 00:00:42]} 44. Rf8+ {[%clk 00:22:20]} {[%emt
00:01:30]} Qxf8 {[%clk 00:27:39]} {[%emt 00:00:42]} 45. Bxf8 {[%clk 00:22:20]}
{[%emt 00:00:29]} Bd4+ {[%clk 00:23:58]} {[%emt 00:04:12]} 46. Kh1 {[%clk
00:22:43]} {[%emt 00:00:07]} Kxf8 {[%clk 00:23:47]} {[%emt 00:00:41]} 47. Qxe6
{[%clk 00:21:55]} {[%emt 00:01:18]} Ra8 {[%clk 00:22:53]} {[%emt 00:01:24]} 48.
Qf5+ {[%clk 00:08:17]} {[%emt 00:14:08]} Ke7 {[%clk 00:22:30]} {[%emt
00:00:53]} 49. Qxd5 {[%clk 00:06:49]} {[%emt 00:01:58]} Ra1+ {[%clk 00:20:57]}
{[%emt 00:02:03]} 50. Kh2 {[%clk 00:07:14]} {[%emt 00:00:05]} Be5+ {[%clk
00:20:18]} {[%emt 00:01:10]} 51. Kh3 {[%clk 00:07:36]} {[%emt 00:00:08]} Ra3+
{[%clk 00:19:29]} {[%emt 00:01:19]} 52. Bf3 {[%clk 00:08:00]} {[%emt 00:00:06]}
Ra2 {[%clk 00:15:21]} {[%emt 00:04:38]} 53. Bg2 {[%clk 00:01:31]} {[%emt
00:06:57]} Ra3+ {[%clk 00:14:41]} {[%emt 00:01:12]} 54. Bf3 {[%clk 00:01:58]}
{[%emt 00:00:03]} Ra2 {[%clk 00:14:00]} {[%emt 00:01:12]} 55. Bg2 {[%clk
00:01:07]} {[%emt 00:01:20]} 1/2-1/2

[Event "ODJM A 2024"]
[Site "Willingen GER"]
[Date "2024.05.25"]
[Round "9"]
[White "Direk, Oguzhan"]
[Black "Andresen, Marc"]
[Result "1/2-1/2"]
[Termination "normal"]
[Board "33"]
[WhiteElo "1767"]
[BlackElo "1879"]
[WhiteClock "00:24:34"]
[BlackClock "00:13:24"]
[PlyCount "71"]
[WhiteFideId "16294343"]
[BlackFideId "16233719"]
[EventCountry "GER"]
[EventRounds "9"]
[EventType "swiss"]
[EventDate "2024.05.18"]

1. d4 {[%clk 01:30:58]} d5 {[%clk 01:30:57]} {[%emt 00:00:04]} 2. Nc3 {[%clk
01:31:23]} {[%emt 00:00:05]} Nf6 {[%clk 01:31:22]} {[%emt 00:00:04]} 3. Bf4
{[%clk 01:31:47]} {[%emt 00:00:06]} c5 {[%clk 01:31:44]} {[%emt 00:00:08]} 4.
e3 {[%clk 01:32:13]} {[%emt 00:00:04]} cxd4 {[%clk 01:32:10]} {[%emt 00:00:04]}
5. exd4 {[%clk 01:32:41]} {[%emt 00:00:02]} Bg4 {[%clk 01:32:33]} {[%emt
00:00:07]} 6. Be2 {[%clk 01:33:07]} {[%emt 00:00:04]} Bxe2 {[%clk 01:32:59]}
{[%emt 00:00:05]} 7. Qxe2 {[%clk 01:33:35]} {[%emt 00:00:02]} a6 {[%clk
01:33:23]} {[%emt 00:00:06]} 8. Nf3 {[%clk 01:34:01]} {[%emt 00:00:04]} e6
{[%clk 01:33:21]} {[%emt 00:00:32]} 9. O-O {[%clk 01:34:25]} {[%emt 00:00:06]}
Bd6 {[%clk 01:33:44]} {[%emt 00:00:09]} 10. Bxd6 {[%clk 01:34:51]} {[%emt
00:00:03]} Qxd6 {[%clk 01:34:10]} {[%emt 00:00:03]} 11. Nb1 {[%clk 01:24:09]}
{[%emt 00:11:11]} O-O {[%clk 01:32:42]} {[%emt 00:01:59]} 12. c3 {[%clk
01:19:48]} {[%emt 00:04:50]} Nc6 {[%clk 01:28:45]} {[%emt 00:04:27]} 13. Nbd2
{[%clk 01:12:13]} {[%emt 00:08:05]} Rfc8 {[%clk 01:23:24]} {[%emt 00:05:52]}
14. Ne5 {[%clk 01:06:52]} {[%emt 00:05:50]} b5 {[%clk 01:19:28]} {[%emt
00:04:27]} 15. a3 {[%clk 01:03:11]} {[%emt 00:04:11]} Na5 {[%clk 01:10:42]}
{[%emt 00:09:16]} 16. b4 {[%clk 00:56:30]} {[%emt 00:07:10]} Nc4 {[%clk
00:57:42]} {[%emt 00:13:30]} 17. Ndxc4 {[%clk 00:55:24]} {[%emt 00:01:37]} dxc4
{[%clk 00:57:37]} {[%emt 00:00:35]} 18. a4 {[%clk 00:52:21]} {[%emt 00:03:33]}
Nd5 {[%clk 00:57:05]} {[%emt 00:01:01]} 19. Qd2 {[%clk 00:51:08]} {[%emt
00:01:43]} Rd8 {[%clk 00:48:47]} {[%emt 00:08:49]} 20. f4 {[%clk 00:48:24]}
{[%emt 00:03:13]} f6 {[%clk 00:38:25]} {[%emt 00:10:53]} 21. Ng4 {[%clk
00:46:54]} {[%emt 00:02:00]} h5 {[%clk 00:37:00]} {[%emt 00:01:55]} 22. Ne3
{[%clk 00:45:10]} {[%emt 00:02:12]} Nxf4 {[%clk 00:34:17]} {[%emt 00:03:15]}
23. Nf5 {[%clk 00:41:29]} {[%emt 00:04:08]} exf5 {[%clk 00:25:39]} {[%emt
00:09:11]} 24. Qxf4 {[%clk 00:40:29]} {[%emt 00:01:29]} Qxf4 {[%clk 00:24:47]}
{[%emt 00:01:23]} 25. Rxf4 {[%clk 00:40:50]} {[%emt 00:00:09]} g6 {[%clk
00:22:43]} {[%emt 00:02:33]} 26. Rf2 {[%clk 00:38:12]} {[%emt 00:03:09]} Re8
{[%clk 00:21:05]} {[%emt 00:02:08]} 27. Rfa2 {[%clk 00:37:14]} {[%emt
00:01:27]} Rab8 {[%clk 00:20:50]} {[%emt 00:00:44]} 28. Kf2 {[%clk 00:33:21]}
{[%emt 00:04:23]} Kf7 {[%clk 00:21:06]} {[%emt 00:00:15]} 29. axb5 {[%clk
00:33:40]} {[%emt 00:00:11]} axb5 {[%clk 00:21:31]} {[%emt 00:00:05]} 30. Ra7+
{[%clk 00:34:06]} {[%emt 00:00:04]} Re7 {[%clk 00:21:55]} {[%emt 00:00:05]} 31.
Rxe7+ {[%clk 00:33:11]} {[%emt 00:01:18]} Kxe7 {[%clk 00:22:24]} 32. Ra7+
{[%clk 00:33:17]} {[%emt 00:00:32]} Kd6 {[%clk 00:18:24]} {[%emt 00:04:31]} 33.
Ra6+ {[%clk 00:30:28]} {[%emt 00:03:18]} Ke7 {[%clk 00:18:47]} {[%emt
00:00:08]} 34. Ke3 {[%clk 00:30:48]} {[%emt 00:00:10]} Rd8 {[%clk 00:15:11]}
{[%emt 00:04:06]} 35. Kf4 {[%clk 00:25:36]} {[%emt 00:05:41]} Rd6 {[%clk
00:13:24]} {[%emt 00:02:18]} 36. Ra7+ {[%clk 00:24:34]} {[%emt 00:01:33]}
1/2-1/2